| 000 | 00534nam a2200205Ia 4500 | ||
|---|---|---|---|
| 003 | OSt | ||
| 005 | 20251210101350.0 | ||
| 008 | 210210b2012 xxu||||| |||| 00| 0 eng d | ||
| 020 | _a9789380902814 | ||
| 040 | _cAL | ||
| 041 | _aeng | ||
| 082 | _a820.09 KAUP | ||
| 100 |
_aAbha Shukla Kaushik _9248590 |
||
| 245 |
_aPostmodern Indian English fiction _b: some perspectives |
||
| 260 |
_aJaipur _bAadi Publications _c2012 |
||
| 300 | _axi,289p | ||
| 690 |
_aIndian English Criticism _9248592 |
||
| 906 | _a066798 | ||
| 942 |
_2ddc _cBK |
||
| 999 |
_c149256 _d149256 |
||